Southville International School and Colleges
Your cart is empty.
  • Cart
  • Lists
    Public lists Eva Luna New books Lux_list list_1
    Your lists Log in to create your own lists
  • Log in to your account
  • Your cookies
  • Search history
Southville International School and Colleges
  • Advanced search
  • Recent comments
  • Most popular
  • Libraries

Log in to your account

Log in with GOOGLE


If you do not have an external account, but do have a local account, you can still log in:

  1. Home
  2. MARC view: Mosby's pharmacy technician :
Normal view MARC view ISBD view

Mosby's pharmacy technician : (Record no. 368773)

[ view plain ]
MARC details
000 -LEADER
fixed length control field 00707nam a22002297a 4500
003 - CONTROL NUMBER IDENTIFIER
control field 0
005 - DATE AND TIME OF LATEST TRANSACTION
control field 20260126165839.0
008 - FIXED-LENGTH DATA ELEMENTS--GENERAL INFORMATION
fixed length control field 260126b xxu||||| |||| 00| 0 eng d
020 ## - INTERNATIONAL STANDARD BOOK NUMBER
International Standard Book Number 978-0-443-12488-4
050 ## - LIBRARY OF CONGRESS CALL NUMBER
Classification number RS 82
Item number .D38 2026
100 ## - MAIN ENTRY--PERSONAL NAME
Personal name Davis, Karen
245 ## - TITLE STATEMENT
Title Mosby's pharmacy technician :
Remainder of title principles and practice /
Statement of responsibility, etc Karen Davis and Tony Guerra.
250 ## - EDITION STATEMENT
Edition statement Seventh edition.
260 ## - PUBLICATION, DISTRIBUTION, ETC. (IMPRINT)
Place of publication, distribution, etc St. Louis, Missouri :
Name of publisher, distributor, etc Elsevier,
Date of publication, distribution, etc 2026.
300 ## - PHYSICAL DESCRIPTION
Extent xii, 754 pages :
Other physical details colored illustrations ;
Dimensions 28 cm.
504 ## - BIBLIOGRAPHY, ETC. NOTE
Bibliography, etc Includes index.
650 ## - SUBJECT ADDED ENTRY--TOPICAL TERM
Topical term or geographic name as entry element Pharmacy technicians.
650 ## - SUBJECT ADDED ENTRY--TOPICAL TERM
Topical term or geographic name as entry element Pharmacy
Form subdivision Practice.
650 ## - SUBJECT ADDED ENTRY--TOPICAL TERM
Topical term or geographic name as entry element Pharmaceutical services.
700 ## - ADDED ENTRY--PERSONAL NAME
Personal name Guerra, Tony
942 ## - ADDED ENTRY ELEMENTS (KOHA)
Source of classification or shelving scheme Library of Congress Classification
Koha item type Books
Holdings
Withdrawn status Lost status Source of classification or shelving scheme Damaged status Home library Current library Shelving location Date acquired Source of acquisition Sub Shelving location Total Checkouts Full call number Barcode Date last seen Price effective from Koha item type
    Library of Congress Classification   South SEED-LPDH College Library South SEED-LPDH College Library South SEED-LPDH College Section 11/22/2025 Library Fund     RS 82 .D38 2026 SSLC1919 01/26/2026 01/26/2026 Books

Mosby's pharmacy technician :

APA

Davis K., Guerra T., . (2026). Mosby's pharmacy technician. St. Louis, Missouri: Elsevier.

Chicago

Davis Karen, Guerra Tony, . 2026. Mosby's pharmacy technician. St. Louis, Missouri: Elsevier.

Harvard

Davis K., Guerra T., . (2026). Mosby's pharmacy technician. St. Louis, Missouri: Elsevier.

MLA

Davis Karen, Guerra Tony, . Mosby's pharmacy technician. St. Louis, Missouri: Elsevier. 2026.

  • Place hold
  • Print
  • Cite
  • Add to your cart (remove)
  • Save record
    BIBTEX Dublin Core MARCXML MARC (non-Unicode/MARC-8) MARC (Unicode/UTF-8) MARC (Unicode/UTF-8, Standard) MODS (XML) RIS
  • More searches
    Search for this title in:
    Other Libraries (WorldCat) Other Databases (Google Scholar) Online Stores (Bookfinder.com) Open Library (openlibrary.org)

Exporting to Dublin Core...

SOUTHVILLE LIBRARY

Southville International School and Colleges Library

1281 Tropical Ave. Cor. Luxembourg St., BF Homes International, Las Pinas City

Tel. No. 8256374 / 252358 Loc. 117/146

Powered by Koha